000 01007nam a22002177a 4500
005 20260319204240.0
008 230824b ||||| |||| 00| 0 eng d
082 _aDPer 370.15 J826 October-November 2020 v. 112 n. 7-8
100 _aTenenbaum, Harriet R.
_eauthor.
_948746
245 _aHow effective is peer interaction in facilitating learning? :
_ba meta analysis /
_cHarriet R. Tenenbaum, Naomi E. Winstone, Patrick J. Leman, and Rachel E. Avery
260 _aWashington ;
_bAmerican Psychological Association ,
_cOctober 2020.
300 _aVolume 112, pages 1303-1319 :
_billustration ;
_c28 cm.
500 _aJournal of Educational Psychology, vol. 112, no. 7, pages 1303-1319, October 2020.
650 _aPsychology of learning.
_948747
650 _aConversation.
_948748
700 _aTenenbaum, Harriet R.
_eauthor
_948749
700 _aWinstone, Naomi E.
_eauthor.
_948750
700 _aLeman, Patrick J.
_eauthor.
_948751
700 _aAvery, Rachel E.
_eauthor.
_948752
942 _2ddc
_cPER
999 _c18144
_d18144